El Proletariado ha muerto. Viva el ama de casa?

Sparad:
Bibliografiska uppgifter
Huvudupphovsman: Werlhof, Claudia
Materialtyp: Text
Publicerad: New York: Eveos, H.D.
Taggar: Lägg till en tagg
Inga taggar, Lägg till första taggen!

MARC

LEADER 00000 a a2200000 04500
001 21448
003
040
090 |a 094500  
100 |a Werlhof, Claudia  
245 |a El Proletariado ha muerto. Viva el ama de casa?  
260 |a New York:   |b Eveos,   |c H.D.  
300 |a 27 p.  
999 |c 10960  |d 10960